[Event "Parana-chT 54th"]
[Site "Parana"]
[Date "2011.11.16"]
[Round "3"]
[White "Caetano, Hugo Zanotti Mendon"]
[Black "Blens, Tomalas"]
[Result "1-0"]
[WhiteElo "2017"]
[BlackElo "1762"]
[PlyCount "82"]
[EventDate "2011.11.14"]
[EventType "team-swiss"]
[EventRounds "7"]
[EventCountry "BRA"]
[SourceTitle "EXT 2013"]
[Source "ChessBase"]
[SourceDate "2012.11.22"]
[SourceVersion "1"]
[SourceVersionDate "2012.11.22"]
[SourceQuality "1"]
[WhiteTeam "Foz do Iguacu"]
[BlackTeam "Pirao do Sul"]
[WhiteTeamCountry "BRA"]
[BlackTeamCountry "BRA"]

1. d4 d5 2. c4 Nf6 3. cxd5 Nxd5 4. e4 Nf6 5. Nc3 e6 6. Bg5 Be7 7. Nf3 c6 8. a3 Nbd7 9. Be2 0-0 10. 0-0 b5 11. Rc1 a6 12. e5 Ne8 13. Bxe7 Qxe7 14. Ne4 Bb7 15. Qb3 Rc8 16. Nc5 Nxc5 17. Rxc5 Nc7 18. Rfc1 Rfd8 19. Bd3 Nd5 20. Be4 Qd7 21. Bxd5 cxd5 22. Qb4 Rc6 23. Rxc6 Bxc6 24. Rc5 Rc8 25. Qc3 Bb7 26. b4 Rc6 27. Kf1 Rxc5 28. Qxc5 Qc6 29. g3 h6 30. Ke2 Qxc5 31. dxc5 g5 32. Ke3 Kf8 33. Nd4 Ke7 34. Ne2 f6 35. Kd4 f5 36. f3 Kd7 37. h4 Bc6 38. hxg5 hxg5 39. Nc1 Kc7 40. g4 fxg4 41. fxg4 Be8 1-0

[Event "Parana-chT 54th"]
[Site "Parana"]
[Date "2011.11.14"]
[Round "1"]
[White "Blens, Tomalas"]
[Black "Palozi, Paulo Ricardo"]
[Result "0-1"]
[WhiteElo "1762"]
[BlackElo "2245"]
[PlyCount "44"]
[EventDate "2011.11.14"]
[EventType "team-swiss"]
[EventRounds "7"]
[EventCountry "BRA"]
[SourceTitle "EXT 2013"]
[Source "ChessBase"]
[SourceDate "2012.11.22"]
[SourceVersion "1"]
[SourceVersionDate "2012.11.22"]
[SourceQuality "1"]
[WhiteTeam "Pirao do Sul"]
[BlackTeam "Araucaria"]
[WhiteTeamCountry "BRA"]
[BlackTeamCountry "BRA"]

1. e4 e5 2. Nf3 Nc6 3. d4 exd4 4. Nxd4 Bc5 5. Nxc6 Qf6 6. Qd2 dxc6 7. Bd3 Be6 8. 0-0 h6 9. Kh1 g5 10. Qe2 0-0-0 11. Nc3 Ne7 12. Bc4 Ng6 13. Bxe6+ Qxe6 14. Be3 Bd6 15. Rad1 Rhe8 16. Rd2 Bb4 17. Rfd1 Bxc3 18. bxc3 Qxa2 19. c4 Ne5 20. Bd4 Qxc4 21. g3 Qxe2 22. Rxe2 c5 0-1